حادي الأرواح إلى بلاد الأفراح / (رقم التسجيلة. 11548)
[ عرض عادي ]
| 000 -الفاتح | |
|---|---|
| عناصر البيانات ثابتة الطول | 00992cam a2200217 i 4500 |
| 005 - تاريخ ووقت آخر معاملة | |
| حقل ضبط | 20251207081604.0 |
| 008 - عناصر البيانات ثابتة الطول | |
| عناصر البيانات ثابتة الطول | 250721r2006 ua gr 000 0 ara d |
| 082 14 - رقم تصنيف ديوي العشري | |
| رقم التصنيف | 214.5 |
| رقم المادة | ا ب ن |
| 100 1# - مدخل رئيسي – اسم شخصي | |
| الاسم الشخصي | ابن قيم الجوزية، أبو عبد الله شمس الدين محمد بن أبي بكر بن أيوب |
| علاقة الشخص بالعمل/ دوره | مؤلف. |
| 245 10 - بيان العنوان | |
| العنوان | حادي الأرواح إلى بلاد الأفراح / |
| بيان المسؤولية | لابن قيم الجوزية ؛ تحقيق محمد حواس، عماد قدري العياض. |
| 250 ## - بيان الطبعة | |
| بيان الطبعة | محققة ومضبوطة وموثقة ومخرجة ومقابلة على نسخة خطية كاملة |
| 264 ## - بيانات النشر، التوزيع…إلخ | |
| مكان النشر، التوزيع...إلخ | [القاهرة] : |
| اسم الناشر، الموزع...إلخ | دار البيان العربي، |
| تاريخ النشر، التوزيع...إلخ | [2006]. |
| 300 ## - الوصف المادي | |
| عدد الوحدات المكونة للوعاء | 427 صفحة. |
| 650 17 - مدخل إضافي بالموضوع - مصطلح موضوعي | |
| مصطلح موضوعي أو اسم جغرافي كعنصر مدخل | العقيدة الدينية. |
| 650 17 - مدخل إضافي بالموضوع - مصطلح موضوعي | |
| مصطلح موضوعي أو اسم جغرافي كعنصر مدخل | الجنة. |
| 650 17 - مدخل إضافي بالموضوع - مصطلح موضوعي | |
| مصطلح موضوعي أو اسم جغرافي كعنصر مدخل | اليوم الآخر. |
| 700 1# - مدخل إضافي - اسم شخصي | |
| الاسم الشخصي | حواس، محمد |
| علاقة الشخص بالعمل/ دوره | محقق. |
| 700 1# - مدخل إضافي - اسم شخصي | |
| الاسم الشخصي | العياض، عماد قدري |
| علاقة الشخص بالعمل/ دوره | محقق. |
| 942 ## - بيانات إضافية (كوها) | |
| نوع التنصيف | Dewey Decimal Classification |
| نوع المادة (كوها) | كتب |
| حالة السحب | حالة الفقدان | مصدر التصنيف | حالة التلف | غير قابل للإعارة | المكتبة الرئيسية | المكتبة الحالية | موقع الرف | تاريخ التزويد | الرقم المتسلسل | Total Checkouts | رقم الإستدعاء | تاريخ آخر ظهور | تاريخ الفاتورة | نوع المادة (كوها) | الباركود | العملة |
|---|---|---|---|---|---|---|---|---|---|---|---|---|---|---|---|---|
| Dewey Decimal Classification | المكتبة المركزية | المكتبة المركزية | مقتنيات قسم التزويد | 28/07/2025 | 1263139 | 214.5/قيم | 28/07/2025 | 28/07/2025 | كتب | |||||||
| Dewey Decimal Classification | المكتبة المركزية | المكتبة المركزية | مقتنيات قسم التزويد | 28/07/2025 | 1263140 | 214.5/قيم | 28/07/2025 | 28/07/2025 | كتب | |||||||
| Dewey Decimal Classification | المكتبة المركزية | المكتبة المركزية | مقتنيات قسم التزويد | 28/07/2025 | 1263141 | 214.5/قيم | 28/07/2025 | 28/07/2025 | كتب | |||||||
| Dewey Decimal Classification | المكتبة المركزية | المكتبة المركزية | مقتنيات قسم التزويد | 28/07/2025 | 1263142 | 214.5/قيم | 28/07/2025 | 28/07/2025 | كتب | |||||||
| Dewey Decimal Classification | المكتبة المركزية | المكتبة المركزية | الإعارة | 07/12/2025 | 1263138 | 214.5 / ا ب ن | 07/12/2025 | 07/12/2025 | كتب | 1263138 | JOD | |||||
| Dewey Decimal Classification | مكتبة أبو علندا العامة | مكتبة أبو علندا العامة | الإعارة | 26/02/2009 | 1263143 | 214.5/قيم | 28/07/2025 | 26/02/2009 | كتب | PLD00075184 | ||||||
| Dewey Decimal Classification | مكتبة الأميرة ايمان العامة | مكتبة الأميرة ايمان العامة | الإعارة | 26/02/2009 | 1263144 | 214.5/قيم | 28/07/2025 | 26/02/2009 | كتب | PLD00075185 | ||||||
| Dewey Decimal Classification | مكتبة الاميرة بديعة | مكتبة الاميرة بديعة | الإعارة | 26/02/2009 | 1263145 | 214.5/قيم | 28/07/2025 | 26/02/2009 | كتب | PLD00075186 |